00852nam a2200205Ia 4500003000400000005001700004008004100021020001500062040002100077041000800098082001400106100004000120245006000160250001800220260003600238300002900274500005500303520026600358650002200624OSt20250410152259.0191128s2012 ck gr 000 f spa d a9580612049 aCO-JMCRcCO-JMCR aspa04aA-NbBERd1 aBermúdez Ardila, Fernando,eautor13aEl dorado en el Amazonas / cFernando Bermúdez Ardila a2a. Edición aBogotá : bOveja negra,c2012 a178 páginas ; c23 cm. aIncluye datos biográficos del autor en la solapa aEs una apasionante travesía acaecida en el triángulo amazónico, donde cada decisión de los protagonistas trae sorpresas para el lector: amor, traición, esclavitud, codicia y en especial secretos inimaginables sobre lo que ha ocultado la selva al mundo14aNovela colombiana